| 000 | 00690nam a22002297a 4500 | ||
|---|---|---|---|
| 003 | BUBTL | ||
| 008 | 240209b ||||| |||| 00| 0 eng d | ||
| 020 | _a8170965721 | ||
| 041 | _aEnglish | ||
| 082 |
_21st ed. _a822.33/ sh152h/ 1991 |
||
| 100 |
_aShakespeare, by James k. Lowers _95661 |
||
| 245 |
_aHamlet : Notes/ _bShakespeare, by James K. Lowers |
||
| 250 | _a1st ed. | ||
| 260 |
_aNew Delhi - Ludhiana _bKalyani Publishers _cc1991 |
||
| 300 |
_a107p. : _bill. ; 21 cm. |
||
| 526 | _aEnglish | ||
| 650 | 0 |
_94940 _aEnglish Literater |
|
| 700 |
_aShakespeare, by James k. Lowers _95661 |
||
| 856 |
_k0 _l0 _yDownload |
||
| 942 |
_2ddc _cBK |
||
| 999 |
_c7209 _d7209 |
||